Pane Trem - Statistics

Estatísticas Gerais
  • Esse quiz foi jogado 18 vezes
  • A pontuação média é 3 de 23
Estatísticas das Respostas
Hint Resposta % Correto
se ao recolher, não travar em cima tentar novo ciclo
100%
se travado prosseguir
83%
se não travar declarar urgência
67%
1 baixar por emergência
50%
3 arremeter a 2300ft sobre a pista de táxi, sem balançar as asas
0%
se não travar baixar por emergência
0%
sem indicação de pelo menos uma perna travada declarar socorro
0%
com indicação das 3 pernas travadas embaixo declarar urgência
0%
3 julgar flapes no enquadramento da PB
0%
2 julgar flapes no enquadramento da PB
0%
5 julgar flapes no enquadramento da PB
0%
2 manter calço hidráulico
0%
1 manter perfil de tráfego
0%
4 no través da cabeceira oposta, tráfego a 2500ft com 90kt
0%
7 pousar conforme indicação do trem
0%
5 pousar, livrar a pista, parar na interseção, cortar motor e solicitar reboque
0%
4 pousar, livrar a pista, parar na interseção, cortar motor e solicitar reboque
0%
8 pousar na reta sobre a pista sem usar os freios, cortar motor e solicitar reboque
0%
2 realizar tráfego a 2500ft com 90kt
0%
se ao baixar, não travar embaixo recolher e tentar novo ciclo
0%
4 se baixar flapes, voltar para calço hidráulico na final
0%
3 se baixar flapes, voltar para calço hidráulico na final
0%
6 se baixar flapes, voltar para calço hidráulico na final
0%
Nenhum quiz correspondente encontrado
Distribuição das Pontuações
Porcentagem de Pessoas com Cada Pontuação
Percentil de Números Respondidos
Sua Pontuação Histórica
Você não jogou esse quiz